Categories and criteria of productive enterprises eligible for encouragement

Сохранить в:
Библиографические подробности
Формат:
Язык:Undetermined
Опубликовано: Taipei, Taiwan, Republic of China Industrial Development and Investment Center 1988
Предметы:
Метки: Добавить метку
Нет меток, Требуется 1-ая метка записи!
Thư viện lưu trữ: Trung tâm Học liệu Trường Đại học Cần Thơ
LEADER 00492nam a2200145Ia 4500
001 CTU_84834
008 210402s9999 xx 000 0 und d
082 |a 343.5124 
082 |b C357 
245 0 |a Categories and criteria of productive enterprises eligible for encouragement 
260 |a Taipei, Taiwan, Republic of China 
260 |b Industrial Development and Investment Center 
260 |c 1988 
650 |a investments, foreign 
980 |a Trung tâm Học liệu Trường Đại học Cần Thơ